Science 10 / (Record no. 172697)

MARC details
000 -LEADER
fixed length control field 00644nam a22002057a 4500
005 - DATE AND TIME OF LATEST TRANSACTION
control field 20200211123027.0
010 ## - LCCN (DPL NO)
LC control number ENG-127682
020 ## - INTERNATIONAL STANDARD BOOK NUMBER
Terms of availability 100.00
035 ## - SYSTEM CONTROL NUMBER
System control number EN-111214
037 ## - SOURCE OF ACQUISITION
Source of stock number/acquisition DBAD/PUB
082 ## - DEWEY DECIMAL CLASSIFICATION NUMBER
Classification number 500
100 ## - MAIN ENTRY--PERSONAL NAME
Personal name N.Arumugam
245 ## - TITLE STATEMENT
Title Science 10 /
Remainder of title by N.Arumugam, M.G Ragunathan [and] T.Selva Mohan
260 ## - PUBLICATION, DISTRIBUTION, ETC. (IMPRINT)
Place of publication, distribution, etc Tamil Nadu
Name of publisher, distributor, etc Saras
Date of publication, distribution, etc 2017
270 ## - ADDRESS
City Tamil Nadu
Address 114/35G,A.R.P. Camp Road, Periavilai, Kottar P.O., Nagercoil, Kanyakumari
Postal code 629002
Electronic mail address info@saraspublication.com
300 ## - PHYSICAL DESCRIPTION
Extent xi;508p.
Other physical details 23cm(pbk)
700 ## - ADDED ENTRY--PERSONAL NAME
Personal name M.G.Ragunathan
700 ## - ADDED ENTRY--PERSONAL NAME
Personal name T.Selva Mohan
942 ## - ADDED ENTRY ELEMENTS (KOHA)
Source of classification or shelving scheme Dewey Decimal Classification
Item type English Books
Classification part 500
Call number suffix ARU
Holdings
Withdrawn status Lost status Not for loan Collection code Home library Current library Date acquired Source of acquisition Cost, normal purchase price Full call number Barcode Copy number Cost, replacement price Koha item type
      Non-fiction Ashok Vihar Ashok Vihar 11/02/2020 DBAD/PUB 100.00 500 ARU EN-111214 1 100.00 English Books

© Delhi Public Library
Hit Counter
free hit counter